00622nam a2200193Ia 4500008004100000020001500041041001200056082001100068100001700079245006800096250000800164260003800172300000800210650001500218700001700233942000700250999001500257952015600272221030s9999 xx 000 0 und d a9971512513 aEnglish a105.23 aJ. L. Meriam 0aEngineering Mechanics - Dynamicscby J. L. Meriam, L. G. Kraige a4th bJohn Wiley & SonsaNew Yorkc1999 a725 aMechanical aL. G. Kraige cBK c7870d7870 pBE 563g380.00l0o105.23 r2024-06-13 00:00:00w2022-10-30yBK003Print4071aMIETLIBbMIETLIBcBL-Second, FL-1, CUP-1, SH-2, R-2d1999-11-2510HBE